000 00666nam a2200277Ia 4500
005 20260324143553.0
008 008 260324s9999 xx 000 0 eng d
020 _a9780203702536
037 _aEBOOK
040 _aCRL
040 _beng
040 _cCRL
041 _2eng
041 _aeng
084 _qCRL
100 _aTerry Burke; Angela Genn-Bash; Brian Haines
_91216123
245 0 _aCompetition in Theory and Practice
260 _bTaylor and Francis
260 _c1991
365 _a
365 _b205
856 _uhttp://www.taylorfrancis.com/books/9780203702536
942 _cEBOOK
999 _c1821677
_d1821677